| 000 | 02014nam a2200205Ia 4500 | ||
|---|---|---|---|
| 001 | b6605-47463 | ||
| 003 | IT-MiCISF | ||
| 008 | 161014s9999||||xx |||||||||||||| ||und|| | ||
| 040 |
_aIT-MiCISF _cIT-MiCISF |
||
| 041 | _ait | ||
| 100 | _aTarroni Nadia | ||
| 245 | 0 |
_aIl traguardo dell'adozione e le sue sfide _bUna ricerca sulle famiglie adottive ferraresi |
|
| 250 | _a1a ed. | ||
| 260 |
_a Milano _bFranco Angeli _c2009 |
||
| 300 | _app. 158 | ||
| 500 | _aIn appendice questionario dell'indagine / adozione, territorio, famiglia-adottiva, esperienze, rapporti-genitori-figli, scuola / Il volume espone i principali esiti di una ricerca condotta sulle adozioni nazionali e internazionali concluse a Ferrara negli ultimi quindici anni. Muovendo dai risultati ottenuti dall'analisi delle diverse esperienze delle famiglie adottive ferraresi, attualmente impegnate ad affrontare fasi differenti del proprio ciclo vitale, lo studio vuole approfondire gli aspetti che attribuiscono all'evento adozione una dimensione propria di rischio, connessa alle molteplici sfide che esso impone alla famiglia e ai suoi singoli membri, nelle diverse tappe del suo percorso. Partendo da una interpretazione del rischio come prodotto del rapporto fra la quantità di risorse attuali e potenziali (di tipo affettivo, emotivo, materiale e organizzativo) possedute dalla coppia e le sfide che essa dovrà affrontare, si focalizza l'attenzione sulla complessa fase dell'ingresso dei figli nell'età dell'adolescenza. L'indagine mette in evidenza la distinzione di due modalità specifiche di transizione in questa delicata fase dell'esistenza, e di connessione con il processo di legittimazione genitoriale, fra madri e padri, secondo le rispettive appartenenze di genere, mettendo in luce l'intrinseca complementarietà delle risorse che la coppia può mettere in campo durante il proprio percorso familiare. | ||
| 650 |
_a Genitorialità e problemi educativi / adozione-affido _e004 |
||
| 942 | _cBK | ||
| 957 | _71 | ||
| 999 |
_a47463 _bsi _g1 _c210422 _d210422 |
||